000 00730nam a22002531 4500
001 33968
003 BD-RjUL
005 20211209052104.0
008 140412s1964 nyu b 001 0 eng d
035 _a(BD-RjUL)34060
040 _aDLC
_cDLC
_dDLC
_dBD-RjUL
_beng
041 _aeng
082 0 0 _a301.15
_bBLE 1964
100 1 _aBlau, Peter Michael.
_96162
245 1 0 _aExchange and power in social life
_cby Peter M. Blau.
260 _aNew York :
_bJ. Wiley,
_c1964.
300 _axxiii, 352 p. ;
_c24 cm.
504 _aIncludes bibliographical references and index.
650 0 _aSocial groups.
_9103240
650 0 _aInterpersonal relations.
_9103241
942 _2ddc
_cBK
999 _c33968
_d33968